AI expert or not? - Statistics

General Stats
  • This quiz has been taken 21 times
  • The average score is 11 of 15
Answer Stats
Question Tile Select % Correct
CAT No
100%
CITY No
94%
MARINA SCENERY No
94%
LUXURY VILLA No
94%
MARINA SCENERY No
89%
CAT Yes
89%
MARINA SCENERY Yes
83%
CAT No
83%
APPLE No
72%
APPLE No
61%
LUXURY VILLA Yes
56%
LUXURY VILLA No
56%
APPLE Yes
39%
CITY No
28%
CITY Yes
22%
No matching quizzes found
Score Distribution
Percent of People with Each Score
Percentile by Number Answered
Your Score History
You have not taken this quiz